| 000 | 01020nam a22002537a 4500 | ||
|---|---|---|---|
| 999 |
_c5276 _d5276 |
||
| 003 | AR-CdUCM | ||
| 008 | 190312b ||||| |||| 00| 0 spa d | ||
| 020 | _a9972-657-01-9 | ||
| 040 |
_aMUNICIPALIDAD PROVINCIAL DEL CUSCO _cBIBLIOTECA MUNICIPAL DEL CUSCO |
||
| 082 |
_a153.15 / _bC27 |
||
| 100 |
_aCapella Riera, Jorge _915956 |
||
| 245 | _aAprendizaje y Constructivismo / | ||
| 260 |
_aPerú : _bEdiciones Massey and Vanier : _c1999. |
||
| 300 |
_a337 páginas ; _bIlustraciones, cuadros _c21cm |
||
| 505 | _aContenido: El cambio de época y sus repercusiones en la educación -- El aprendizaje -- La corriente constructivista -- El aprendizaje y la construcción de conocimiento -- Hacia una didáctica compatible con el constructivismo. | ||
| 650 |
_aConstructivismo _915957 |
||
| 650 |
_aAprendizaje _92143 |
||
| 650 |
_aOrientación _915958 |
||
| 650 |
_aCapacidades _915959 |
||
| 650 |
_aPsicología _91538 |
||
| 700 |
_aSánchez Moreno Izaguirre, Guillermo _915960 |
||
| 942 |
_2ddc _cLIBROS |
||
| 945 | _anom | ||